<?xml version="1.0" encoding="UTF-8"?>
<record
    xmlns:xsi="http://www.w3.org/2001/XMLSchema-instance"
    xsi:schemaLocation="http://www.loc.gov/MARC21/slim http://www.loc.gov/standards/marcxml/schema/MARC21slim.xsd"
    xmlns="http://www.loc.gov/MARC21/slim">

  <leader>00800nam a22002417a 4500</leader>
  <datafield tag="999" ind1=" " ind2=" ">
    <subfield code="c">20263</subfield>
    <subfield code="d">20263</subfield>
  </datafield>
  <controlfield tag="003">AR-CdUCM</controlfield>
  <controlfield tag="008">190528b           ||||| |||| 00| 0 spa d</controlfield>
  <datafield tag="040" ind1=" " ind2=" ">
    <subfield code="a">MUNICIPALIDAD PROVINCIAL DEL CUSCO</subfield>
    <subfield code="c">BIBLIOTECA MUNICIPAL DEL CUSCO</subfield>
  </datafield>
  <datafield tag="082" ind1=" " ind2=" ">
    <subfield code="a">370.985 / </subfield>
    <subfield code="b">S18</subfield>
  </datafield>
  <datafield tag="100" ind1=" " ind2=" ">
    <subfield code="a">Salazar Romero, Carlos</subfield>
  </datafield>
  <datafield tag="245" ind1=" " ind2=" ">
    <subfield code="a">Pedagog&#xED;a /</subfield>
  </datafield>
  <datafield tag="260" ind1=" " ind2=" ">
    <subfield code="a">Lima :</subfield>
    <subfield code="b">Del Sol,</subfield>
    <subfield code="c">1963.</subfield>
  </datafield>
  <datafield tag="300" ind1=" " ind2=" ">
    <subfield code="a">193 p&#xE1;ginas ;</subfield>
    <subfield code="c">20 cm.</subfield>
  </datafield>
  <datafield tag="440" ind1=" " ind2=" ">
    <subfield code="a">Biblioteca de cultura peruana contempor&#xE1;nea :  </subfield>
    <subfield code="n">9</subfield>
    <subfield code="9">42349</subfield>
  </datafield>
  <datafield tag="505" ind1=" " ind2=" ">
    <subfield code="a">Contenido: La pedagog&#xED;a peruana -- El problema pedag&#xF3;gico nacional -- Reforma de la educaci&#xF3;n primaria...</subfield>
  </datafield>
  <datafield tag="650" ind1=" " ind2=" ">
    <subfield code="a">Educaci&#xF3;n</subfield>
    <subfield code="9">460</subfield>
  </datafield>
  <datafield tag="650" ind1=" " ind2=" ">
    <subfield code="a">Per&#xFA;</subfield>
    <subfield code="9">35</subfield>
  </datafield>
  <datafield tag="650" ind1=" " ind2=" ">
    <subfield code="a">Siglo XX</subfield>
    <subfield code="9">8</subfield>
  </datafield>
  <datafield tag="650" ind1=" " ind2=" ">
    <subfield code="a">Colecciones</subfield>
    <subfield code="9">607</subfield>
  </datafield>
  <datafield tag="650" ind1=" " ind2=" ">
    <subfield code="a">Pedagog&#xED;a</subfield>
    <subfield code="9">1560</subfield>
  </datafield>
  <datafield tag="942" ind1=" " ind2=" ">
    <subfield code="2">ddc</subfield>
    <subfield code="c">LIBROS</subfield>
  </datafield>
  <datafield tag="945" ind1=" " ind2=" ">
    <subfield code="a">Javier</subfield>
  </datafield>
  <datafield tag="952" ind1=" " ind2=" ">
    <subfield code="0">0</subfield>
    <subfield code="2">ddc</subfield>
    <subfield code="4">0</subfield>
    <subfield code="7">0</subfield>
    <subfield code="a">SH</subfield>
    <subfield code="b">SH</subfield>
    <subfield code="c">CART</subfield>
    <subfield code="d">2019-05-28</subfield>
    <subfield code="g">30.00</subfield>
    <subfield code="o">370.985 /  S18</subfield>
    <subfield code="p">SH0000015466</subfield>
    <subfield code="r">2019-05-28</subfield>
    <subfield code="y">LIBROS</subfield>
  </datafield>
</record>
